000
00240nam a2200097Ia 4500
005
20251222114339.0
008
251222s1900||||xx |||||||||||||| ||spa||
082
_a
DVD0099/B67/2003
245
0
_a
Altamira: desde siempre para siempre:
942
_c
DVD
999
_c
774
_d
774